02338nam a22003974a 4500001001200000003000800012006001900020007001500039008004100054010001700095020001800112020001500130040002100145035002000166041001300186050002300199082001900222130005000241245012600291260006800417300002400485504005100509505087500560533015201435650002901587650002101616650001601637650003001653650002201683655002901705700002201734700002201756710001701778856012601795999001901921ebr10178017CaPaEBRm u cr cn|||||||||040319s2004 enka sb 001 0 eng  z 2004006555 z9780851990484 z0851996817 aCaPaEBRcCaPaEBR a(OCoLC)585474171 aenghita14aSF376b.A46 2004eb04a636.3/08/52220 aAlimentazione degli ovini da latte.lEnglish.10aDairy sheep nutritionh[electronic resource] /cedited by G. Pulina ; technical reader of English translation R. Bencini. aOxfordshire, OX, UK ;aCambridge, MA, USA :bCABI Pub.,cc2004. axii, 222 p. :bill. aIncludes bibliographical references and index.0 aMilk production / Giuseppe Pulina and Anna Nudda -- Mathematical modelling of milk production patterns in dairy sheep / Aldo Cappio-Borlino, Nicol?o P.P. Macciotta, and Giuseppe Pulina -- Energy and protein requirements / Antonello Cannas -- Dietary intake of vitamins and minerals, and water requirements / Giovanni Annicchiarico and Luigi Taibi -- Feed intake / Marcella Avondo and Lucio Lutri -- Feeding of lactating ewes / Antonello Cannas -- Nutrition and reproduction / Salvatore Pier Giacomo Rassu ... [et al.] -- Nutrition and milk quality / Anna Nudda ... [et al.] -- Feeding dairy lambs / Paolo Brandano, Salvatore Pier Giacomo Rassu and Alfio Lanza -- Digestive disturbances and metabolic-nutritional disorders / Massimo Morgante -- Grazing management and stocking rate with particular reference to the Mediterranean environments / Giovanni Molle .. [et al.]. aElectronic reproduction.bPalo Alto, Calif. :cebrary,d2013.nAvailable via World Wide Web.nAccess may be limited to ebrary affiliated libraries. 0aEwesxFeeding and feeds. 0aEwesxNutrition. 0aSheep milk. 0aSheepxFeeding and feeds. 0aSheepxNutrition. 7aElectronic books.2local1 aBencini, Roberta.1 aPulina, Giuseppe.2 aebrary, Inc.40uhttp://site.ebrary.com/lib/rucke/Doc?id=10178017zAn electronic book accessible through the World Wide Web; click to view c140587d140587